000 00539nam a22001812 4500
001 0000003168
005 20151217151917.0
008 070430s xx 000 0 eng d
020 _a9211313132 :
_cKES 500
040 _aKABU
_cKABU
050 0 _aHN780
_b.Z9C6I47
245 1 0 _aImproving rural regional settlement systems in Africa.
260 _aNairobi :
_bHabitat,
_c1993.
650 0 _aRural development
_xcase studies
_zAfrica.
_@0000152863
908 _a070430
950 _@1
999 _c6263
_d6263